Ekonomické teórie a hospodársky cyklus

Vznik ekonomickej vedy. Josef Alois Schumpeter - téza o inováciách. John Maynard Keynes – teória efektívneho dopytu. Postkeynesovské teórie (Evsey David Domar, Roy Forbes Harrod). John Kenneth Galbraith – The New Industrial State.

Guardado en:
Detalles Bibliográficos
Autor principal: Korček, Ľudovít
Formato: Capítulo de libro
Lenguaje:eslovaco
Materias:
Etiquetas: Agregar Etiqueta
Sin Etiquetas, Sea el primero en etiquetar este registro!

MARC

LEADER 00000naa a2200000 4500
001 0191849
005 20220718123330.6
041 0 |a slo 
044 |a SK 
245 1 0 |a Ekonomické teórie a hospodársky cyklus  |c Ľudovít Korček 
520 |a Vznik ekonomickej vedy. Josef Alois Schumpeter - téza o inováciách. John Maynard Keynes – teória efektívneho dopytu. Postkeynesovské teórie (Evsey David Domar, Roy Forbes Harrod). John Kenneth Galbraith – The New Industrial State. 
610 2 0 |a cykly hospodárske 
610 2 0 |a veda ekonomická 
610 2 0 |a dejiny myslenia ekonomického 
610 2 0 |a dejiny teórií ekonomických 
100 1 |a Korček, Ľudovít